Software engineering a practitioner's approach
| Main Author: | |
|---|---|
| Format: | Book |
| Language: | English |
| Published: |
Singapore
McGraw Hill
1987
|
| Edition: | 2nd ed. |
| Subjects: |
| LEADER | 00560cam a2200193 a 4500 | ||
|---|---|---|---|
| 001 | 0000133165 | ||
| 005 | 20120718090000.0 | ||
| 040 | |a mod | ||
| 041 | |a eng | ||
| 020 | |a 0071002324 | ||
| 090 | 0 | 0 | |a 001.642 |b PRE |e 1987 |
| 100 | 1 | |a Pressman, Roger S. | |
| 245 | 1 | 0 | |a Software engineering |b a practitioner's approach |c Roger S. Pressman |
| 250 | |a 2nd ed. | ||
| 260 | |a Singapore |b McGraw Hill |c 1987 | ||
| 300 | |a 567 p. |b ill. |c 22 cm | ||
| 650 | 0 | 0 | |a Electronic digital computers |x Programming |
| 852 | 0 | 0 | |a 01 |
| 999 | |a B000016088 |b IJED |d BOOKS |e Umum |f 4 DIV |j AVAILABLE |q GOOD CONDITION | ||